| 000 | 00551nam a2200169 a 4500 | ||
|---|---|---|---|
| 001 | 000043073 | ||
| 005 | 20201002040622.0 | ||
| 008 | 140218s1998 xxu 000 0 spa d | ||
| 020 | _a0864810468 | ||
| 040 |
_aDO-SdBNP _bspa _cBNPHU |
||
| 100 | 1 |
_aBarry, John M. _970596 |
|
| 245 | 1 | 0 |
_aRising Tide : _bthe great Mississippi Flood of 1927 and how it change América / _cJohn M. Barry. |
| 260 |
_aNew York : _bA Touchstone Book, Simon Schuster, _c1998. |
||
| 300 |
_a524 p. ; _c25 cm. |
||
| 500 | _aIncluye índice | ||
| 504 | _aBibliografía : p. 484-495 | ||
| 999 |
_c42562 _d42562 |
||